Célèbres chanteuses et chanteurs français (A-Z) - Statistiques

Statistiques générales
  • Ce quiz a été pris 3 082 fois
  • Le résultat moyen est 16 sur 24
Statistiques - réponses
Lettre Chansons Artiste % Correct
F Alexandrie Alexandra / Cette année-là Claude François
94%
P La vie en rose / Non je ne regrette rien Edith Piaf
92%
R Morgane de toi / Mistral gagnant Renaud
89%
A Hier encore / Emmenez-moi Charles Aznavour
88%
S Les lacs du Connemara / Je vais t'aimer Michel Sardou
88%
H Je te promets / Que je t'aime Johnny Hallyday
87%
D Il venait d'avoir 18 ans / Mourir sur scène Dalida
83%
C Petite Marie / La Corrida Francis Cabrel
81%
I Dernière danse / Tourner dans le vide Indila
80%
Z Rue de la paix / Zen Zazie
80%
O Tombé pour elle / Lucie Pascal Obispo
74%
W Double Je / Jacques a dit Christophe Willem
67%
N Saga Africa / Metis(se) Yannick Noah
67%
V Belle-Île-en-Mer,Marie-Galante / Le Pouvoir des fleurs Laurent Voulzy
65%
G Le Poinçonneur des lilas / Je suis venu te dire que je m'en vais Serge Gainsbourg
62%
K Il me dit que je suis belle / Mon mec à moi Patricia Kaas
61%
B Chanson pour l'Auvergnat / La Mauvaise Réputation Georges Brassens
57%
Y Ces Soirées-là / Fais ce qu'il te plaît Yannick
57%
T La Mer / Douce France Charles Trenet
52%
J La Boîte de jazz / Joueurs de blues Michel Jonasz
45%
M Les Feuilles mortes / C'est si bon Yves Montand
30%
L Idées noires / Noir et blanc (La musique est un cri qui vient de l'intérieur) Bernard Lavilliers
27%
Q Mise au point / Vivre ailleurs Jakie Quartz
26%
E Deux minutes de soleil en plus / Juste quelqu'un de bien Enzo Enzo
17%
Aucun quiz correspondant
Distribution des résultats
% des personnes avec chaque résultat
Percentile par nombre de réponses
Votre historique - résultats
Vous n’avez pas pris ce quiz